Helpline for streesed parents / (Record no. 131797)

MARC details
000 -LEADER
fixed length control field 00630nam a22002177a 4500
005 - DATE AND TIME OF LATEST TRANSACTION
control field 20170124110143.0
010 ## - LIBRARY OF CONGRESS CONTROL NUMBER
LC control number B-218891
020 ## - INTERNATIONAL STANDARD BOOK NUMBER
Terms of availability 125.00
International Standard Book Number 9788183820684
035 ## - SYSTEM CONTROL NUMBER
System control number B-218891
037 ## - SOURCE OF ACQUISITION
Source of stock number/acquisition Cen Lib/Ret
040 ## - CATALOGING SOURCE
Original cataloging agency DPL
Language of cataloging EN
082 ## - DEWEY DECIMAL CLASSIFICATION NUMBER
Classification number 155.9042
Item number BEL
100 ## - MAIN ENTRY--PERSONAL NAME
Personal name Belle, Eric
9 (RLIN) 32815
245 ## - TITLE STATEMENT
Title Helpline for streesed parents /
Statement of responsibility, etc by Eric Belle
260 ## - PUBLICATION, DISTRIBUTION, ETC. (IMPRINT)
Place of publication, distribution, etc New Delhi
Name of publisher, distributor, etc Lotus Press
Date of publication, distribution, etc 2006
270 ## - ADDRESS
City New Delhi
Address 4263/3, Ansariroad, Daryaganj
Postal code 110002
300 ## - PHYSICAL DESCRIPTION
Extent 184p.
Dimensions 21cm(pbk)
650 ## - SUBJECT ADDED ENTRY--TOPICAL TERM
Topical term or geographic name as entry element Psychology
9 (RLIN) 101684
650 ## - SUBJECT ADDED ENTRY--TOPICAL TERM
Topical term or geographic name as entry element Child care
9 (RLIN) 10040
942 ## - ADDED ENTRY ELEMENTS (KOHA)
Source of classification or shelving scheme Dewey Decimal Classification
Koha item type English Books
Classification part 155.9042
Call number suffix BEL
Holdings
Withdrawn status Lost status Damaged status Not for loan Home library Current library Date acquired Source of acquisition Cost, normal purchase price Total Checkouts Total Renewals Full call number Barcode Date last seen Date checked out Copy number Cost, replacement price Price effective from Koha item type
        Central Library Central Library 16/07/2015 Cen Lib/Ret 125.00 4 1 155.9042 BEL B-218891 23/10/2023 10/10/2023 1 125.00 16/07/2015 English Books

© Delhi Public Library
Hit Counter
free hit counter